[Event "9th Holuj-Radzikowska 2019"]
[Site "Wroclaw"]
[Date "2019.12.08"]
[Round "2"]
[White "Socko, Monika"]
[Black "Zatonskih, Anna"]
[Result "1/2-1/2"]
[WhiteElo "2286"]
[BlackElo "2374"]
[Annotator "TA"]
[PlyCount "152"]
[EventDate "2019.12.06"]
[EventType "team-tourn"]
[EventCountry "POL"]
[SourceTitle "playchess.com"]
[Source "ChessBase"]
[SourceQuality "1"]

{[%evp 10,152,-6,-6,9,-9,0,-8,-4,-7,0,-6,-4,-14,-3,-10,0,-13,8,-4,-1,-5,0,0,21,0,0,-7,-6,-13,-18,-21,-10,-19,-20,-10,-10,-16,-18,-42,0,0,0,-19,-20,-66,-62,-63,-73,-61,-87,-86,-52,-132,-131,-172,-130,-114,-120,-122,-109,-132,-89,-89,-89,-89,-89,-97,-75,-105,-94,-104,-75,-85,-44,-70,-40,-51,0,0,-25,-35,0,-93,30,30,30,30,32,32,58,0,0,-2,0,0,0,0,0,0,0,0,0,0,0,0,0,0,0,0,0,-8,-8,-8,-8,-8,-8,-8,-8,-8,-8,-8,-8,-8,-8,-8,-8,-8,-8,-8,-8,-8,0,0,0,0,0,0,0,0,0,0,0,0,0]} 1. d4 d5 2. Nf3 Nf6 3. Bf4 e6 4. e3 Bd6 5. Bg3 O-O 6. Nbd2 c5 {D02: 1 d4 d5 2 Nf3 sidelines, including 2...Nf6 3 g3 and 2...Nf6 3 Bf4} (6... b6 7. c3 Bb7 8. Bd3 Nbd7 9. Qc2 Bxg3 10. hxg3 h6 11. Rh4 c5 12. Ne5 Rc8 13. f4 a6 14. a4 cxd4 15. exd4 Nxe5 16. fxe5 {0-1 (35) Carlsen,M (2882)-Aronian,L (2765) Saint Louis 2019}) 7. c3 b6 8. Ne5 $146 ({Predecessor:} 8. Bd3 Ba6 9. Bxa6 Nxa6 10. O-O Nb8 11. Ne5 {0-1 (67) Zhukova,N (2440)-Pham,L (2351) Doha 2016}) 8... Qc7 9. Bd3 Ba6 10. Bxa6 Nxa6 11. O-O Nb8 12. f4 Nbd7 13. Qf3 Rfe8 14. Rac1 Rac8 15. Bh4 Be7 16. Rcd1 Nf8 17. Bxf6 Bxf6 18. Qh5 g6 19. Qh3 Bg7 20. Ndf3 b5 21. Nd3 Nd7 22. Ng5 h6 23. Nf3 c4 24. Nde5 a5 25. Ng4 h5 $36 {[%mdl 2048] Black has some pressure.} 26. Nge5 Nf8 27. Nh4 b4 28. g4 hxg4 29. Qxg4 Rb8 30. Rd2 a4 31. Rc1 (31. Rg2 $15) 31... bxc3 $17 32. Rxc3 Rb7 33. Qe2 Reb8 34. Nhf3 Rb6 35. h4 f6 36. Ng4 Qb7 {[%cal Rb6b2]} 37. Rcc2 {[#]} a3 $1 {[%mdl 512]} 38. bxa3 Qe7 39. Rc3 Rb1+ 40. Kg2 Qb7 41. Nf2 Nd7 (41... Qf7 {seems wilder.} 42. Rd1 R1b6 43. e4 Ra6 44. Rdc1 Rba8) 42. Rd1 Rxd1 43. Nxd1 e5 44. Rc2 Re8 {Hoping for ...exf4.} 45. Rb2 Qc6 46. Qc2 {[#]} (46. Qf2 $11 {remains equal.}) 46... exf4 (46... Nf8 $1 $17 {White must now prevent ...exf4.} 47. fxe5 fxe5) 47. Qxg6 $11 Nf8 48. Qf5 fxe3 {Threatens to win with ...e2.} 49. Nc3 Ne6 50. Qxd5 (50. Nxd5 $14 Nc7 51. Nc3 (51. Nxc7 Qxc7 52. Qd5+ Qf7 $14)) 50... Qxd5 {The position is equal.} 51. Nxd5 f5 52. Rb7 Nxd4 53. Ne7+ $1 Kh8 {And now ...e2 would win.} 54. Ng6+ $1 Kh7 55. Nxd4 Kxg6 56. h5+ $1 Kxh5 57. Rxg7 {aiming for Kf3.} e2 58. Nxe2 Rxe2+ {[%mdl 4096] Endgame KR-KR} 59. Kf3 Rxa2 (59... Re4 {is more complex.} 60. a4 c3 61. Rc7 Rxa4 62. Rxc3 Rxa2 63. Rc8 Ra1) 60. Rc7 Kg5 61. Rxc4 Rxa3+ 62. Kf2 Rb3 63. Ra4 Rb2+ 64. Kf3 Rb1 65. Rc4 Rf1+ 66. Kg2 Ra1 67. Kf3 Ra5 68. Rb4 Rd5 69. Ra4 Rb5 70. Rc4 f4 71. Rc8 Rb3+ 72. Kf2 Rb2+ 73. Kf3 Rb3+ 74. Kf2 Kg4 75. Rg8+ Kf5 76. Rf8+ Kg4 {Accuracy: White = 59%, Black = 41%.} (76... Ke4 $5 {[%cal Rb3b2]}) 1/2-1/2

[Event "9th Holuj-Radzikowska 2019"]
[Site "Wroclaw"]
[Date "2019.12.08"]
[Round "2"]
[White "Majdan, Joanna"]
[Black "Arabidze, Meri"]
[Result "1/2-1/2"]
[WhiteElo "2240"]
[BlackElo "2412"]
[Annotator "NA"]
[PlyCount "82"]
[EventDate "2019.12.06"]
[EventType "team-tourn"]
[EventCountry "POL"]
[SourceTitle "playchess.com"]
[Source "ChessBase"]
[SourceQuality "1"]
[TimeControl "40/5400+30:1800+30"]

1. e4 e5 2. Nf3 Nc6 3. Bc4 Nf6 4. d3 h6 5. c3 d6 6. a4 g6 7. b4 Bg7 8. Qb3 O-O 9. a5 a6 10. Nbd2 Nh5 11. O-O Nf4 12. Re1 Qf6 13. Qd1 Bg4 14. Ra2 Ne7 15. Kh1 Rad8 16. h3 Bh5 17. Kh2 g5 18. d4 g4 19. hxg4 Bxg4 20. d5 Qg6 21. Bf1 f5 22. c4 fxe4 23. Rxe4 Rf5 24. Be2 Rh5+ 25. Kg1 Bh3 26. g3 Bg2 27. Nh2 Bxe4 28. Nxe4 Nxe2+ 29. Qxe2 Nf5 30. Qg4 Qxg4 31. Nxg4 Rf8 32. b5 Nd4 33. b6 Nf3+ 34. Kg2 Ne1+ 35. Kg1 Nf3+ 36. Kg2 cxb6 37. axb6 Ne1+ 38. Kg1 Nf3+ 39. Kg2 Ne1+ 40. Kg1 Nf3+ 41. Kg2 Ne1+ 1/2-1/2

[Event "9th Holuj-Radzikowska 2019"]
[Site "Wroclaw"]
[Date "2019.12.08"]
[Round "2"]
[White "Badelka, Olga"]
[Black "Sliwicka, Alicja"]
[Result "1/2-1/2"]
[WhiteElo "2186"]
[BlackElo "2140"]
[Annotator "NA"]
[PlyCount "55"]
[EventDate "2019.12.06"]
[EventType "team-tourn"]
[EventCountry "POL"]
[SourceTitle "playchess.com"]
[Source "ChessBase"]
[SourceQuality "1"]
[TimeControl "40/5400+30:1800+30"]

1. d4 {[%emt 0:00:00]} Nf6 {[%emt 0:00:00]} 2. c4 {[%emt 0:00:00]} c5 {[%emt 0:00:00]} 3. d5 {[%emt 0:00:00]} b5 {[%emt 0:00:00]} 4. cxb5 {[%emt 0:00:08]} a6 {[%emt 0:00:00]} 5. bxa6 {[%emt 0:00:10]} g6 {[%emt 0:00:01]} 6. Nc3 {[%emt 0:00:11]} Bg7 {[%emt 0:00:08]} 7. a7 {[%emt 0:01:20]} Rxa7 {[%emt 0:00:10]} 8. e4 {[%emt 0:00:08]} O-O {[%emt 0:00:29]} 9. Nf3 {[%emt 0:01:21]} e6 {[%emt 0:02:17]} 10. Be2 {[%emt 0:01:41]} Ba6 {[%emt 0:08:26]} 11. Bxa6 {[%emt 0:14:06]} Nxa6 {[%emt 0:01:53]} 12. O-O {[%emt 0:00:19]} Qb8 {[%emt 0:09:11]} 13. Re1 {[%emt 0:10:22]} Qb7 {[%emt 0:04:43]} 14. d6 {[%emt 0:09:46]} Rc8 {[%emt 0:05:04]} 15. Rb1 {[%emt 0:06:42]} c4 {[%emt 0:11:44]} 16. e5 {[%emt 0:02:42]} Nd5 {[%emt 0:01:27]} 17. Nxd5 {[%emt 0:03:08]} Qxd5 {[%emt 0:03:31]} 18. Qxd5 {[%emt 0:17:59]} exd5 {[%emt 0:00:10]} 19. Be3 {[%emt 0:00:06]} Rb7 {[%emt 0:02:05]} 20. a3 {[%emt 0:01:03]} Nc5 {[%emt 0:09:24]} 21. Bxc5 {[%emt 0:01:55]} Rxc5 {[%emt 0:00:05]} 22. Nd4 {[%emt 0:00:35]} c3 {[%emt 0:03:33]} 23. b4 {[%emt 0:10:47]} Rc4 {[%emt 0:00:11]} 24. Nc2 {[%emt 0:00:04]} Bh6 {[%emt 0:01:31]} 25. Ne3 {[%emt 0:00:24]} Re4 {[%emt 0:03:46]} 26. Nc2 {[%emt 0:05:27]} Rc4 {[%emt 0:02:09]} 27. Ne3 {[%emt 0:01:39]} Re4 {[%emt 0:00:59]} 28. Nc2 {[%emt 0:00:05]} 1/2-1/2

[Event "9th Holuj-Radzikowska 2019"]
[Site "Wroclaw"]
[Date "2019.12.09"]
[Round "3"]
[White "Bulmaga, Irina"]
[Black "Socko, Monika"]
[Result "1-0"]
[WhiteElo "2434"]
[BlackElo "2407"]
[Annotator "TA"]
[PlyCount "63"]
[EventDate "2019.12.06"]
[EventType "team-tourn"]
[EventCountry "POL"]
[SourceTitle "playchess.com"]
[Source "ChessBase"]
[SourceQuality "1"]

{[%evp 10,129,9,9,14,0,0,0,0,0,0,0,0,0,0,-40,-60,-78,-23,-23,-16,-27,0,0,0,0,0,0,14,-33,-43,-47,0,0,0,0,0,0,0,0,0,0,0,0,99,85,113,123,397,378,392,414,340,352,278,183,166,141,151,151,248,197,156,55,56,0,283,215,324,312,402,399,397,345,404,402,493,487,464,469,467,434,607,542,795,791,767,730,712,686,698,698,714,718,669,676,1040,960,958,1012,963,1001,972,979,992,990,997,986,1589,1578,1486,1434,2614,2866,29979,29980,29983,29974,29991,29992,29992,29993]} 1. e4 e6 2. d4 d5 3. Nc3 Bb4 4. e5 Ne7 5. Bd2 Bxc3 6. Bxc3 b6 {C16: French: 3 Nc3 Bb4 4 e5: Lines without ...c5} 7. Qg4 O-O 8. h4 c5 {The position is equal.} 9. Nf3 Ba6 10. Bxa6 Nxa6 11. h5 h6 12. Nh4 $146 ({Predecessor:} 12. O-O-O Rc8 13. Bd2 Kh7 14. Qf4 {0-1 (54) Pedersen,N (2290)-Sorensen,J (2390) Aarhus 1996}) 12... cxd4 13. Bxd4 Nb4 ({Black should play} 13... Nc6 $17 14. Nf3 Qc7) 14. O-O-O $1 $11 {[#] Be3 is the strong threat.} Qc7 $1 {[%csl Gb4][%cal Rc7c2][%mdl 512]} 15. c3 Rac8 16. Rh3 {Strongly threatening Rg3.} Kh7 (16... Nxa2+ $2 17. Kb1 $18) 17. Rg3 {[%csl Gg3][%cal Rg4g7]} Rg8 18. Kb1 Nbc6 19. f4 Nxd4 20. Rxd4 Nc6 21. Rd1 b5 22. Qe2 b4 23. cxb4 Nxb4 24. a3 Qe7 25. Rh3 Nc6 $1 26. g4 Rgd8 (26... Na5 $11) 27. g5 $1 $16 hxg5 28. Nf3 gxf4 $2 {[%mdl 8192]} (28... g4 $16 29. Ng5+ Kh8 30. Qxg4 Na5) 29. Rg1 $1 $18 Kh8 {[#]} 30. Qg2 $1 {[%csl Gg1][%cal Rg2g7]} Rg8 {[#]} 31. Qg6 $1 {[%mdl 512] aiming for Ng5!} Qc5 {[#]} (31... fxg6 32. hxg6+ Qh4 33. Rxh4#) 32. Rg2 {Played: Nf3-g5} 1-0

[Event "9th Holuj-Radzikowska 2019"]
[Site "Wroclaw"]
[Date "2019.12.09"]
[Round "3"]
[White "Zatonskih, Anna"]
[Black "Cyfka, Karina"]
[Result "1/2-1/2"]
[WhiteElo "2420"]
[BlackElo "2410"]
[Annotator "TA"]
[PlyCount "102"]
[EventDate "2019.12.06"]
[EventType "team-tourn"]
[EventCountry "POL"]
[SourceTitle "playchess.com"]
[Source "ChessBase"]
[SourceQuality "1"]

{[%evp 12,102,21,21,21,24,28,16,37,27,50,52,67,65,63,56,79,43,58,50,63,63,89,98,95,70,75,68,87,89,71,72,82,71,81,89,85,87,127,108,101,90,89,98,102,72,95,52,132,58,230,182,227,170,120,87,118,62,70,14,6,0,0,-11,-7,0,0,-10,-8,-6,0,0,0,0,0,0,0,0,0,0,0,0,0,0,0,0,0,0,0,0,0,0,0]} 1. d4 Nf6 2. Nf3 e6 3. c4 Bb4+ 4. Bd2 Qe7 5. g3 Bxd2+ 6. Qxd2 Nc6 7. a3 d5 {E11: Bogo-Indian} 8. Bg2 dxc4 (8... O-O 9. O-O b6 10. Qc2 Bb7 11. cxd5 exd5 12. Nc3 Nd8 13. e3 c5 14. Rfd1 Ne6 15. Rac1 {0-1 (42) Keymer,V (2516)-Caruana,F (2819) Karlsruhe/Baden Baden 2019}) 9. Qc3 O-O 10. Nbd2 Rd8 $146 ({Predecessor:} 10... Nd5 11. Qxc4 Rd8 12. e4 Nb6 13. Qc3 e5 14. d5 Nd4 15. Nxd4 exd4 16. Qxd4 Nxd5 {½-½ (55) Parkhov,Y (2336)-Huzman,A (2580) Israel 2019}) 11. Nxc4 Ne4 12. Qc2 Nd6 13. Nce5 Bd7 14. O-O Be8 15. Rac1 Rac8 16. Rfd1 a6 17. Nd3 a5 18. e3 Nb8 19. Nfe5 f6 {next ...c5 is good for Black.} 20. Nc4 b6 21. Nf4 g5 22. Ne2 Kg7 23. Nxd6 Rxd6 24. Nc3 h5 25. d5 Bg6 26. Qb3 {And now Nb5 would win.} exd5 27. Nxd5 Qf7 28. e4 Nd7 29. Qe3 Qe8 (29... g4 $1 $14) 30. Rd2 (30. f4 $16) 30... Nc5 $2 {[#]} ({Black should try} 30... c6 $14 31. Nxb6 Rxd2) 31. Nxc7 $1 {[%mdl 512]} Qd7 (31... Rxc7 32. Rxd6) 32. Rxd6 Qxd6 33. Nd5 {Hoping for b4.} Re8 34. Nc3 (34. Rc4 $16) 34... Qd3 $14 35. Qxd3 (35. Re1 $14) 35... Nxd3 $11 {The position is equal.} 36. Rc2 Rc8 37. a4 Nxb2 {[%mdl 64] [#] Remove Defender} 38. Rxb2 {Threatens to win with Ne2.} Rxc3 {[%mdl 4096] Endgame KRB-KRB} 39. f4 gxf4 40. gxf4 Rc4 41. f5 Bf7 42. Rxb6 Rxa4 43. Rb7 Rd4 44. Ra7 a4 45. Bf3 {Bxh5 is the strong threat.} Kf8 46. Ra8+ Ke7 47. Ra7+ Kf8 48. Ra8+ Ke7 49. Ra7+ Kf8 50. Kf2 h4 51. Ke3 Rb4 {Accuracy: White = 61%, Black = 59%.} 1/2-1/2

[Event "9th Holuj-Radzikowska 2019"]
[Site "Wroclaw"]
[Date "2019.12.09"]
[Round "3"]
[White "Bodnaruk, Anastasia"]
[Black "Zawadzka, Jolanta"]
[Result "1/2-1/2"]
[WhiteElo "2413"]
[BlackElo "2400"]
[Annotator "TA"]
[PlyCount "169"]
[EventDate "2019.12.06"]
[EventType "team-tourn"]
[EventCountry "POL"]
[SourceTitle "playchess.com"]
[Source "ChessBase"]
[SourceQuality "1"]

{[%evp 13,169,11,12,10,9,0,17,22,12,18,12,14,10,14,7,-7,8,0,0,0,0,0,0,0,0,-6,-7,-7,0,0,13,8,16,0,0,0,7,0,20,20,26,20,20,15,13,13,24,0,0,-79,-8,-8,-8,-8,-9,-30,-30,-30,-29,-32,-21,-55,-55,-77,-77,-77,-77,-77,-77,-77,-77,-77,-77,-77,-77,-77,-77,-77,-77,-77,-77,-77,-77,-77,-77,-77,-77,-98,-98,-98,-98,-99,-99,-106,-106,-106,-106,-106,-106,-106,-106,-106,-106,-106,-106,-106,-22,-45,-22,-22,-22,-22,-22,-22,-22,-22,-22,-31,-31,-39,-39,-39,-39,-39,-39,-39,-39,-39,0,-39,0,-39,0,-39,-22,-22,-22,-22,-22,-22,-22,-22,-22,-22,-22,-22,-22,-22,-22,-22,-22,-22,-22,-22,0,-24,0,-29992]} 1. e4 e5 2. Nf3 Nf6 3. Nxe5 d6 4. Nf3 Nxe4 5. Nc3 Nxc3 6. dxc3 Be7 7. Be3 O-O 8. Bd3 {C42: Petroff Defence: 3 Nxe5 and unusual White 3rd moves} Nd7 9. Qe2 Nc5 10. Bxc5 dxc5 11. O-O-O {Strongly threatening Bxh7+!} Bd6 $1 12. Rhe1 Bd7 $146 ({Predecessor:} 12... Qf6 13. Kb1 Be6 14. Nd2 Rae8 15. Ne4 Qh6 {½-½ (33) Topalov,V (2740)-Wei,Y (2736) Abidjan 2019}) 13. Nd2 Re8 14. Ne4 (14. Qf3 {with more complications.} Rxe1 15. Rxe1 b5 16. c4 b4 17. Bf5) 14... Qh4 {White must now prevent ...f5.} 15. g3 Qh6+ ({Wrong is} 15... Qxh2 $2 16. Rh1 $18) 16. Qe3 Qxe3+ ({Don't blunder} 16... Qxh2 $2 17. Rh1 $18) 17. Rxe3 Bc6 18. Rde1 Bf8 19. f4 h6 20. c4 b6 21. Nc3 Rxe3 22. Rxe3 Re8 23. Be4 Bd6 24. Kd2 Bd7 25. Nb5 Bxb5 26. cxb5 $11 {[%mdl 4096] Endgame KRB-KRB} Kf8 27. Ke2 (27. Bd3 {keeps more tension.} g6 28. Rxe8+ Kxe8 29. Ke3 Kd7 30. f5) 27... g6 28. f5 Kg7 29. Kf3 g5 30. c4 Kf6 31. Ra3 {[#]} (31. h3 $11) 31... Be5 (31... g4+ $1 $17 {[%mdl 512]} 32. Ke3 (32. Kxg4 Rxe4+) 32... h5) 32. Rxa7 Rd8 33. Bd5 Kxf5 34. g4+ Kg6 35. h3 f5 36. gxf5+ Kxf5 37. Ra8 Rxa8 38. Bxa8 Bxb2 $15 {KB-KB} 39. Be4+ Ke5 40. Bg6 Kd4 41. Bf7 {[#]} h5 $1 {[%mdl 512]} 42. Be6 (42. Bxh5 Kxc4) 42... Kd3 43. Bf7 Bf6 44. Be6 Be7 45. Bf7 Kc3 46. Ke3 Bd6 47. Kf3 Kb4 48. a3+ Kb3 49. a4 Kb4 50. Ke3 g4 ({But not} 50... Kxa4 $6 51. Bxh5 Bh2 52. Ke4 $11) 51. hxg4 hxg4 52. Kd3 Kxa4 53. Be6 g3 {...g2 is the strong threat.} 54. Bd5 Kb3 55. Bg2 Kb2 56. Be4 Kc1 57. Ke2 Be5 58. Ke1 Bd4 59. Ke2 Bf2 (59... Kb2 $17 {Hoping for ...Kc3.} 60. Kd3 Kc1) 60. Bd3 Kb2 {And now ...Kc3 would win.} 61. Kf3 Kc3 62. Bf1 Kd4 63. Be2 Ke5 64. Bd3 Be1 65. Bf1 Kd4 66. Be2 Kc3 67. Bf1 $1 Kd2 68. Ke4 Bf2 69. Kf3 Kc2 70. Be2 Kc3 71. Bf1 $1 Kd4 72. Be2 Ke5 73. Bd3 Ke6 (73... Bg1 {feels hotter.} 74. Bg6 Kd4 75. Bf7 Bf2 76. Bg8 Kd3) 74. Be4 Kd6 75. Kf4 Be1 76. Bd5 Ke7 77. Be4 Kf6 78. Bd5 Kg6 79. Kg4 Kh6 80. Be4 Bf2 81. Bd5 Kg6 82. Be4+ Kf6 83. Kf4 Be1 84. Bd5 Bf2 85. Ke4 $2 {[%mdl 40960] Accuracy: White = 68%, Black = 65%. . An unexpected result.} (85. Be4 $11) 1/2-1/2

[Event "9th Holuj-Radzikowska 2019"]
[Site "Wroclaw"]
[Date "2019.12.09"]
[Round "3"]
[White "Majdan, Joanna"]
[Black "Houska, Jovanka"]
[Result "1/2-1/2"]
[WhiteElo "2336"]
[BlackElo "2412"]
[Annotator "TA"]
[PlyCount "64"]
[EventDate "2019.12.06"]
[EventType "team-tourn"]
[EventCountry "POL"]
[SourceTitle "playchess.com"]
[Source "ChessBase"]
[SourceQuality "1"]

{[%evp 15,64,35,27,30,36,6,35,31,29,0,16,32,54,51,55,12,30,22,25,34,40,33,44,45,29,-53,17,-36,-48,-55,-15,-14,-26,-17,-11,-23,-19,-41,0,0,0,0,0,0,0,0,0,0,0,0,0]} 1. e4 c6 2. d4 d5 3. exd5 cxd5 4. Bd3 Nc6 5. c3 Nf6 6. Bf4 g6 7. h3 Bg7 8. Nf3 Bf5 9. Bxf5 {B13: Caro-Kann: Exchange Variation and Panov-Botvinnik Attack} (9. O-O Bxd3 10. Qxd3 O-O 11. Nbd2 e6 12. Rfe1 a6 13. a4 Qb6 14. b4 Rac8 15. a5 Qd8 16. Nb3 Na7 {0-1 (35) Geller,J (2518)-Indjic,A (2620) St Petersburg 2018}) 9... gxf5 10. Ne5 Ne4 $146 ({Predecessor:} 10... O-O 11. Qe2 Nxe5 12. Bxe5 Ne4 13. Bxg7 Kxg7 14. O-O Qd6 15. Re1 e6 16. Nd2 Kh8 {0-1 (57) Dahl,T (2283)-Ranaldi,L (2305) Norway 2019}) 11. Nxc6 {White is slightly better.} bxc6 12. Qe2 e6 13. Nd2 Nxd2 14. Qxd2 ({But not} 14. Kxd2 Qb6 $11) 14... h5 15. h4 Bf6 16. Qe2 a5 17. g3 Qb6 18. O-O Ke7 19. Rfe1 Rag8 20. Be5 (20. b4 $11) 20... Rh6 (20... Bxe5 $15 21. Qxe5 Kd7) 21. c4 (21. b4 $11) 21... Bxe5 $15 22. Qxe5 dxc4 23. Rac1 Rf6 24. Rxc4 f4 $1 {[%cal Rf4g3] White should prevent ...fxg3.} 25. Kg2 fxg3 26. fxg3 Rfg6 27. Re3 $36 {[%mdl 2048] The position is equal. White fights for an advantage.} Qxb2+ {[%mdl 64] Double Attack} 28. Kh3 Qf2 {White must now prevent ...Qf1+.} 29. Qc5+ {[#]} Kf6 $1 {[%cal Rg6g3]} 30. Qe5+ Ke7 {Strongly threatening ...Qf1+.} 31. Qc5+ {[#]} Kf6 $1 {[%cal Rg6g3]} 32. Qe5+ Ke7 {Accuracy: White = 49%, Black = 45%.} 1/2-1/2

[Event "9th Holuj-Radzikowska 2019"]
[Site "Wroclaw"]
[Date "2019.12.09"]
[Round "3"]
[White "Sliwicka, Alicja"]
[Black "Arabidze, Meri"]
[Result "1/2-1/2"]
[WhiteElo "2264"]
[BlackElo "2435"]
[Annotator "TA"]
[PlyCount "78"]
[EventDate "2019.12.06"]
[EventType "team-tourn"]
[EventCountry "POL"]
[SourceTitle "playchess.com"]
[Source "ChessBase"]
[SourceQuality "1"]

{[%evp 14,78,1,-2,14,0,17,-6,-3,-4,0,0,6,0,0,0,0,0,0,0,0,0,4,4,14,21,20,13,24,19,32,26,28,22,25,29,30,0,0,0,0,-29,-21,-16,-20,-26,0,0,0,0,0,-16,-5,-21,-5,-5,0,0,0,-10,0,0,0,-10,0,0,0]} 1. e4 e5 2. Nf3 Nc6 3. Nc3 Nf6 4. d4 exd4 5. Nxd4 Bb4 6. Nxc6 bxc6 7. Bd3 d5 8. exd5 O-O {C47: Scotch Four Knights and Four Knights with 4 g3} 9. O-O Bg4 10. Be2 (10. f3 {looks sharper.} Bh5 11. dxc6 Qd4+ 12. Kh1 Bxc3 13. bxc3 Qxc3 14. Rb1) 10... Bxe2 11. Nxe2 cxd5 12. Bg5 Be7 13. Nd4 Qd7 {[#]} 14. Qf3 $146 ({Predecessor:} 14. Qd3 Rfe8 15. Rad1 Ne4 16. Bxe7 Rxe7 {½-½ (45) Carlsen,M (2861)-Nakamura,H (2761) Abidjan 2019}) 14... Ne4 15. Bxe7 Qxe7 16. Rad1 Rfe8 17. Qb3 Qc5 18. Qb5 Rab8 19. Qxc5 Nxc5 20. b3 Ne4 21. f3 Nc3 22. Rd3 Nxa2 23. Ra1 Nb4 24. Rc3 Rb7 25. Nc6 Nxc6 26. Rxc6 $11 {[%mdl 4096] Endgame KRR-KRR} Kf8 27. Rd1 Re6 28. Rc5 c6 29. Ra1 Ke8 30. Ra6 {The position is equal.} Rc7 31. Kf2 Kd8 32. h3 Kc8 33. b4 Kb8 34. c3 g6 35. h4 h5 36. Kg3 Kb7 37. Rca5 Kb8 38. Rc5 Kb7 39. Rca5 Kb8 {Accuracy: White = 58%, Black = 48%.} 1/2-1/2

[Event "9th Holuj-Radzikowska 2019"]
[Site "Wroclaw"]
[Date "2019.12.09"]
[Round "3"]
[White "Antolak, Julia"]
[Black "Badelka, Olga"]
[Result "1/2-1/2"]
[WhiteElo "2249"]
[BlackElo "2399"]
[Annotator "RC"]
[PlyCount "144"]
[EventDate "2019.12.06"]
[EventType "team-tourn"]
[EventCountry "POL"]
[SourceTitle "playchess.com"]
[Source "ChessBase"]
[SourceQuality "1"]
[TimeControl "40/5400+30:1800+30"]

1. e4 c5 2. Nf3 e6 3. d4 cxd4 4. Nxd4 Nc6 5. Nc3 Qc7 6. f4 a6 7. Nxc6 bxc6 8. e5 f5 9. Be3 Nh6 10. Be2 c5 11. O-O Bb7 12. Qe1 Be7 13. Qf2 O-O 14. Na4 Rac8 15. b3 Ng4 16. Bxg4 fxg4 17. Qe2 h5 18. Rad1 Qc6 19. Rd2 Rc7 20. c4 Rf7 21. Rfd1 Bf8 22. Nc3 Ba8 23. Rd3 Qb7 24. Bc1 Rf5 25. Re1 Qc8 26. Ne4 Bxe4 27. Qxe4 Be7 28. Red1 Kf7 29. Qe2 Qb7 30. Bd2 Qc6 31. Bc1 Ke8 32. h3 gxh3 33. Rxh3 g6 34. g4 Rf8 35. gxh5 gxh5 36. Qxh5+ Kd8 37. Qf3 Qxf3 38. Rxf3 Kc8 39. Kf2 Kb7 40. Rfd3 Kc6 41. Kf3 Rh8 42. Ke4 Rh2 43. R3d2 Rh7 44. Rg2 Rc8 45. Rdg1 Bd8 46. Rg8 Rb8 47. Be3 Rh3 48. R1g6 Rh4 49. Kd3 Rh5 50. Ke4 Bc7 51. Rxb8 Bxb8 52. Rg2 Bc7 53. a3 a5 54. Rb2 Rh3 55. b4 cxb4 56. axb4 axb4 57. Rxb4 Rh2 58. Ra4 Rh3 59. Ra6+ Kb7 60. Ra2 Kc6 61. Rg2 Rh5 62. Rf2 Rh4 63. Rf3 Rh5 64. f5 Rxf5 65. Rxf5 exf5+ 66. Kxf5 Ba5 67. Bd4 Be1 68. e6 dxe6+ 69. Kxe6 Bd2 70. c5 Bb4 71. Ke5 Bxc5 72. Bxc5 Kxc5 1/2-1/2

[Event "9th Holuj-Radzikowska 2019"]
[Site "Wroclaw"]
[Date "2019.12.10"]
[Round "4"]
[White "Arabidze, Meri"]
[Black "Zawadzka, Jolanta"]
[Result "1/2-1/2"]
[WhiteElo "2435"]
[BlackElo "2400"]
[Annotator "ChessBase"]
[PlyCount "85"]
[EventDate "2019.12.06"]
[EventType "team-tourn"]
[EventCountry "POL"]
[SourceTitle "playchess.com"]
[Source "ChessBase"]
[SourceQuality "1"]
[TimeControl "40/5400+30:1800+30"]

1. d4 d5 2. c4 e6 3. Nf3 Nf6 4. Nc3 c5 5. e3 a6 6. a3 Nc6 7. Bd3 dxc4 8. Bxc4 b5 9. Bd3 Bb7 10. O-O Qc7 11. Qe2 Rc8 12. h3 Be7 13. dxc5 Bxc5 14. b4 Ba7 15. Bb2 O-O 16. Rac1 Qe7 17. Ne4 Nxe4 18. Bxe4 f5 19. Bb1 e5 20. Ba2+ Kh8 21. Bd5 Bb8 22. e4 fxe4 23. Qxe4 Rf4 24. Qe3 Ba7 25. Qe2 e4 26. Bxc6 Rxc6 27. Rxc6 Bxc6 28. Ne5 Bb7 29. Ng4 Rf8 30. Ne3 Bb8 31. Rc1 Bc8 32. Rc5 h6 33. Qh5 Kh7 34. Rc6 Qe8 35. Qxe8 Rxe8 36. Kf1 Rd8 37. Ke2 Bb7 38. Re6 Rd7 39. Nf5 Bf4 40. Ne3 Kg8 41. Rg6 Kh7 42. Re6 Kg8 43. Rg6 1/2-1/2